| 000 | 00494nam a22001697a 4500 | ||
|---|---|---|---|
| 003 | NUST - PNEC | ||
| 005 | 20170116181143.0 | ||
| 008 | 151008b xxu||||| |||| 00| 0 eng d | ||
| 020 | _a0072931310 | ||
| 040 | _cLIBRARY | ||
| 082 | _a657 LIB | ||
| 100 |
_914829 _aLibby |
||
| 245 |
_aMBA companion for use with Financial accounting, fifth edition : Robert Libby, Patricia A. Libby, Daniel G. Short _cRobert libby |
||
| 250 | _a5th ed | ||
| 650 |
_914832 _aAccounting _xME |
||
| 942 |
_2ddc _cBK |
||
| 999 |
_c70589 _d70589 |
||